Đình chùa, lăng tẩm nổi tiếng Việt Nam
Sách giới thiệu và sắp xếp theo chữ cái tên đình chùa, lăng tẩm ở Việt Nam
محفوظ في:
| المؤلف الرئيسي: | |
|---|---|
| التنسيق: | كتاب |
| اللغة: | Undetermined |
| منشور في: |
Hà Nội
VHTT
1998
|
| الموضوعات: | |
| الوسوم: |
إضافة وسم
لا توجد وسوم, كن أول من يضع وسما على هذه التسجيلة!
|
| Thư viện lưu trữ: | Trung tâm Học liệu Trường Đại học Cần Thơ |
|---|
| LEADER | 00678nam a2200193Ia 4500 | ||
|---|---|---|---|
| 001 | CTU_27107 | ||
| 008 | 210402s9999 xx 000 0 und d | ||
| 020 | |b 80.000đ | ||
| 082 | |a 291.35 | ||
| 082 | |b Th561 | ||
| 100 | |a Trần, Mạnh Thường | ||
| 245 | 0 | |a Đình chùa, lăng tẩm nổi tiếng Việt Nam | |
| 260 | |a Hà Nội | ||
| 260 | |b VHTT | ||
| 260 | |c 1998 | ||
| 520 | |a Sách giới thiệu và sắp xếp theo chữ cái tên đình chùa, lăng tẩm ở Việt Nam | ||
| 650 | |a buddhist saints,temples | ||
| 904 | |i Nguyễn Quang Điền, 981110 | ||
| 980 | |a Trung tâm Học liệu Trường Đại học Cần Thơ | ||